| 000 | 00368nam a22001577a 4500 | ||
|---|---|---|---|
| 003 | SGT | ||
| 020 | _a9780323749626 | ||
| 082 |
_a612.3 _bK21R |
||
| 100 | _aRAYMOND, JANICE L. | ||
| 245 | _aKRAUSE & MAHAN'S FOOD THE NUTRITION CARE PROCESS | ||
| 250 | _a15TH | ||
| 260 |
_aMISSOURI _bELSEVIER PUB _c2021 |
||
| 300 | _a1195 | ||
| 650 | _aNUTRITION | ||
| 942 |
_2ddc _cBK |
||
| 999 |
_c21993 _d21993 |
||